| 000 | 00937cam a2200157ua 4500 | ||
|---|---|---|---|
| 041 |
_aeng _h |
||
| 082 |
_a627.8 _bIND/ME |
||
| 110 | 1 |
_aIndian standards institution . _bISI _c() |
|
| 245 | _aMethod of measurement of works in river valley projects(Dams and appurtenant structures),IS:9401-1984 | ||
| 250 |
_a1 / _b. |
||
| 260 |
_aNew Delhi : _bIndian standards institution , _c1985. |
||
| 300 | _a5 ; . | ||
| 504 | _a | ||
| 942 | _cBK | ||
| 999 |
_c4683 _d4683 |
||